| 000 | 01009cam a22003015i 4500 | ||
|---|---|---|---|
| 999 |
_c28853 _d28824 |
||
| 001 | 010041021 | ||
| 003 | EG-ScBUE | ||
| 005 | 20200927132445.0 | ||
| 008 | 810817s1981 enka f b 001 0 eng d | ||
| 020 | _a0091413613 (pbk.) | ||
| 020 | _a0091413605 (cased) | ||
| 040 |
_aUk _beng _erda _cUk _dUk _dEG-ScBUE |
||
| 082 | 0 | 4 |
_a330.155 _bWAL _222 |
| 100 | 1 |
_aWalker, Bruce, _d1948- _eauthor. |
|
| 245 | 1 | 0 |
_aWelfare economics and urban problems / _cBruce Walker, Senior Lecturer in Urban Economics, Coventry (Lanchester) Polytechnic. |
| 250 | _aFirst edition. | ||
| 264 | 1 |
_aLondon : _bHutchinson, _c1981. |
|
| 300 |
_a319 pages : _billustrations ; _c23 cm. |
||
| 336 |
_atext _btxt _2rdacontent |
||
| 337 |
_aunmediated _bn _2rdamedia |
||
| 338 |
_avolume _bnc _2rdacarrier |
||
| 490 | 0 | _aBuilt environment series | |
| 504 | _aIncludes bibliographical references and index. | ||
| 650 | 7 |
_aCity planning. _2BUEsh |
|
| 650 | 7 |
_aWelfare economics. _2BUEsh |
|
| 653 |
_bBUSADM _cSeptember2020 |
||
| 942 |
_2ddc _cBB |
||